[Event "IMSA Blitz Men 2019"]
[Site "Hengshui"]
[Date "2019.05.18"]
[Round "11.2"]
[White "Wang, Hao"]
[Black "Jones, Gawain C B"]
[Result "1-0"]
[WhiteElo "2735"]
[BlackElo "2702"]
[Annotator "TA"]
[PlyCount "107"]
[EventDate "2019.05.17"]
[EventType "blitz"]
[EventCountry "CHN"]
[SourceTitle "playchess.com"]
[Source "ChessBase"]
[SourceQuality "1"]

{[%evp 21,106,29,38,14,16,19,18,16,18,-15,16,16,34,37,39,43,57,39,32,40,39,25,16,18,22,17,39,42,33,40,40,43,39,35,33,26,53,50,61,23,24,-8,-9,-4,-17,-15,-22,-19,0,0,16,24,28,33,32,0,75,73,70,72,95,103,101,103,95,104,101,102,100,122,129,0,29991,29992,29992,29991,29991,29992,29992,29993,29993,29992,29992,29992,29998,29999,29999]} 1. e4 c5 2. Nf3 d6 3. Bb5+ Bd7 4. Bxd7+ Qxd7 5. c4 Nf6 6. Nc3 g6 7. d4 cxd4 8. Nxd4 Bg7 9. f3 O-O 10. Be3 Nc6 11. O-O Rac8 12. Nxc6 {B52: Sicilian: Moscow Variation with 3...Bd7} (12. b3 Rfd8 13. Qd2 e6 14. Rac1 d5 15. cxd5 exd5 16. Nxc6 Rxc6 17. Nxd5 Nxd5 18. exd5 Rd6 19. Rfd1 b6 20. Bf4 Rf6 21. Bg5 {1-0 (30) Drygalov,A (2481)-Jones,G (2682) St Petersburg 2018}) 12... bxc6 13. Qd2 Rfd8 $146 ({Predecessor:} 13... Qb7 14. Rac1 Rfd8 15. Qf2 c5 16. b3 Ne8 17. Ne2 Nc7 18. Rc2 Na6 19. Nc1 Nb4 {½-½ (73) Hund,G (2005)-Degtiarev,V (1823) Marianske Lazne 2016}) 14. Rfd1 {The position is equal.} Qb7 15. Bg5 Qb4 16. b3 Ng4 17. Rac1 Qc5+ 18. Kf1 Nf6 19. Na4 Qe5 20. Kg1 Nd7 21. Be3 c5 22. Nc3 Re8 23. Nd5 Nb6 24. Qa5 Nxd5 25. cxd5 Rb8 {[%cal Bc8b8,Bb8b7,Bb7b4][%mdl 32]} 26. Rc4 {[%cal Bc1c4,Bc4a4,Ba4a6][%mdl 32]} (26. Qxa7 Ra8 $15) 26... Rb7 27. Qd2 Reb8 28. Ra4 Rc8 29. Rc1 Rcb8 30. Ra6 f5 31. Ra4 Rb4 32. Rc4 fxe4 33. Rxe4 Qa1+ 34. Kf2 {[%cal Ra4b4]} Bc3 35. Qe2 Rxa4 36. Rxa4 a5 37. Re4 Rb7 38. Bg5 Bd4+ (38... Be5 $11) 39. Kg3 $16 Be5+ 40. Kh3 Kf7 {[#]} 41. Qa6 $1 $36 {[%mdl 2624] Double Attack. White has strong initiative.} Rb4 {Strongly threatening ...Rxe4.} 42. Qc8 {White wants to mate with Qe6+.} Rxe4 43. Qe6+ $1 (43. fxe4 $6 Bf6 $11) 43... Kg7 {Hoping for ...Bf4.} 44. Qxe7+ (44. fxe4 Bf6 $15) 44... Kg8 {And now ...h6 would win.} 45. Qe6+ (45. fxe4 $6 Qh1 $11) 45... Kg7 {[#] ...h6 is the strong threat.} 46. fxe4 (46. Qd7+ $1 $16 Kg8 47. Qe6+ (47. fxe4 Qh1 $11) 47... Kg7 48. Qe7+ (48. fxe4 Qh1 $11) 48... Kg8 49. Qe8+ (49. fxe4 Qh1 $11) 49... Kg7 50. Qd7+ (50. fxe4 Qh1 $11) 50... Kg8 51. Qe8+ (51. fxe4 Qh1 $11) 51... Kg7 52. Qd7+ (52. fxe4 Qh1 $11)) 46... Qxa2 $2 {[%mdl 8192]} (46... Qh1 $11 47. Qe7+ Kg8 48. Qe8+ Kg7) 47. Qe7+ {White mates.} Kg8 48. Qe8+ Kg7 {[#]} 49. Qd7+ $1 Kg8 50. Qc8+ Kg7 51. Qb7+ Kg8 52. Bh6 g5 53. Qc8+ Kf7 54. Qe6# {Accuracy: White = 64%, Black = 62%.} 1-0

[Event "IMSA Blitz Men 2019"]
[Site "Hengshui"]
[Date "2019.05.18"]
[Round "11.2"]
[White "Andreikin, Dmitry"]
[Black "Cheparinov, Ivan"]
[Result "1/2-1/2"]
[WhiteElo "2722"]
[BlackElo "2667"]
[Annotator "TA"]
[PlyCount "87"]
[EventDate "2019.05.17"]
[EventType "blitz"]
[EventCountry "CHN"]
[SourceTitle "playchess.com"]
[Source "ChessBase"]
[SourceQuality "1"]

{[%evp 18,87,14,15,18,12,18,15,25,13,5,13,18,5,21,25,27,35,46,22,51,47,36,20,31,24,25,0,39,4,25,20,11,0,11,0,17,0,12,12,12,12,26,26,31,12,12,0,0,0,0,0,0,0,0,0,0,0,0,0,0,0,0,0,0,0,0,0,0,0,0,0]} 1. e4 e5 2. Nf3 Nc6 3. Bb5 Nf6 4. O-O Nxe4 5. Re1 Nd6 6. Nxe5 Be7 7. Bf1 Nxe5 8. Rxe5 O-O 9. d4 Bf6 10. Re1 Re8 {C67: Ruy Lopez: Berlin Defence: 4 0-0 Nxe4} 11. c3 Rxe1 12. Qxe1 Ne8 13. a4 $146 ({Predecessor:} 13. d5 c6 14. Qd1 b6 15. Bf4 Bb7 16. dxc6 dxc6 17. Nd2 c5 18. Nc4 Qxd1 19. Rxd1 {½-½ (40) Anand,V (2774)-Caruana,F (2819) Karlsruhe/Baden Baden 2019}) 13... d5 14. a5 c6 15. Bf4 Qe7 16. Nd2 Qxe1 17. Rxe1 {[%cal Re1e8] [#]} Kf8 18. Nb3 b6 19. Ra1 {And now axb6 would win.} Bb7 20. Nd2 Be7 21. Re1 Rd8 22. Ra1 Bd6 23. Bg5 Ra8 24. Bd3 h6 25. Bh4 Nc7 26. Bg3 Bxg3 27. hxg3 Ba6 28. Bxa6 Nxa6 $11 {[%mdl 4096] Endgame KRN-KRN} 29. Nf3 f6 30. Nh4 b5 31. b4 Re8 {The position is equal.} 32. Kf1 h5 33. Ng6+ Kf7 34. Nf4 g6 35. f3 Nc7 36. Kf2 Ne6 37. Nd3 Ng5 38. Rh1 Re7 39. Nf4 Kg7 40. Nd3 Kf7 41. Nc5 Kg7 42. Nd3 Kf7 43. Nc5 Kg7 44. Nd3 {Accuracy: White = 38%, Black = 74%.} 1/2-1/2

[Event "IMSA Blitz Men 2019"]
[Site "Hengshui"]
[Date "2019.05.18"]
[Round "11.2"]
[White "Ponomariov, Ruslan"]
[Black "Bu, Xiangzhi"]
[Result "1-0"]
[WhiteElo "2675"]
[BlackElo "2729"]
[Annotator "TA"]
[PlyCount "129"]
[EventDate "2019.05.17"]
[EventType "blitz"]
[EventCountry "CHN"]
[SourceTitle "playchess.com"]
[Source "ChessBase"]
[SourceQuality "1"]

{[%evp 16,129,37,47,27,27,29,15,12,10,25,0,2,0,0,-24,-21,-35,-21,-31,-32,-36,-34,-31,-34,-20,-19,-33,-37,-23,-9,-69,-9,-33,-23,-26,0,-22,-11,-22,-10,-5,-5,-6,-5,-9,-12,-81,-107,-99,-17,-139,-94,-157,-132,-165,-165,-146,-127,-128,-79,-87,-54,-62,-65,-62,-66,-68,-53,-82,-58,-62,-15,-27,0,0,0,-322,-318,-308,-308,-314,87,87,87,87,87,87,87,87,156,36,786,684,1420,1235,977,887,29970,29971,29968,29970,29969,29968,29969,8735,29973,29974,29976,29976,29980,29981,29985,29985,29988,29989]} 1. e4 e5 2. Bc4 Nf6 3. d3 Nc6 4. Nf3 Be7 5. O-O O-O 6. Re1 d6 7. a4 Be6 8. Nbd2 Qd7 9. c3 h6 {C55: Two Knights: 4 d3, 4 d4 exd4 5 e5 and Max Lange Attack} 10. b4 a6 11. Qc2 Rfe8 $146 {The position is equal.} ({Predecessor:} 11... Nh7 12. Bxe6 fxe6 13. Bb2 b6 14. b5 axb5 15. axb5 Na5 16. c4 {½-½ (54) So,W (2812)-Ivanchuk,V (2738) Leuven 2017}) 12. Bxe6 Qxe6 13. Nb3 Bf8 14. h3 d5 15. Bb2 dxe4 16. dxe4 b6 17. b5 axb5 18. axb5 Ne7 19. c4 Ng6 20. Rxa8 Rxa8 21. Nc1 Nd7 22. Nd3 f6 23. Kh2 (23. Bc1 $11) 23... Bd6 (23... c6 $15) 24. g3 Kh8 25. Kg2 Kg8 26. Bc1 Qf7 27. Bd2 Ngf8 28. Nb4 Bxb4 29. Bxb4 Ne6 30. Rd1 Ndc5 31. Rd5 (31. Rd2 $11) 31... Qg6 $1 $17 32. Bxc5 {Strongly threatening Be3.} Nxc5 (32... Nf4+ $1 $17 33. Kh2 Nxd5 34. cxd5 bxc5) 33. Nd2 (33. Nh4 $1 $11 {was the only way to keep the balance.} Qh5 34. f3) 33... Kh7 34. h4 (34. Qd1 $142) 34... h5 35. Kh2 {[#]} Ra1 $1 36. Qc3 Re1 37. Qf3 Qg4 {[%cal Rc5e4]} ({But not} 37... Nxe4 38. Nxe4 Rxe4 39. c5 $15) 38. Qf5+ Qxf5 39. exf5 {[%mdl 4096] Endgame KRN-KRN} g6 40. fxg6+ Kxg6 41. Kg2 Rc1 42. Kf3 Kf5 43. Rd8 Rc3+ 44. Ke2 Ne4 45. Nf1 $1 Rc2+ 46. Ke3 $2 {[%mdl 8192]} (46. Kd3 $1 $11 Rc3+ 47. Ke2) 46... Rxf2 $19 47. Rd1 {and the idea g4+! leaves White hopeful.} Ra2 48. Kf3 {aiming for Ne3+.} Ra3+ $2 (48... Nd6 $19 49. Ne3+ Ke6) 49. Ne3+ $16 {[#]} Rxe3+ $1 {[%mdl 512]} 50. Kxe3 {KR-KN} Nd6 51. Rc1 Kg4 {[#]} 52. Kf2 $1 f5 ({Black should play} 52... Kf5) 53. Kg2 (53. Ra1 $16) 53... Ne4 $2 {[%mdl 8192]} (53... f4 $14 54. gxf4 Kxf4) 54. Re1 $18 Nxg3 {Threatens to win with ...e4.} 55. Rxe5 Ne4 56. Re7 Kxh4 57. Rxc7 Kg4 58. Rg7+ Kf4 59. Rg6 Nd2 60. Rxb6 Nxc4 61. Rc6 {White mates.} Ne3+ 62. Kf2 Ng4+ 63. Kg1 h4 64. b6 {[%cal Bb5b6,Bb6b7][%mdl 32]} h3 65. b7 {Accuracy: White = 48%, Black = 41%.} 1-0

[Event "IMSA Blitz Men 2019"]
[Site "Hengshui"]
[Date "2019.05.18"]
[Round "11.2"]
[White "Mamedov, Rauf"]
[Black "Vidit, Santosh Gujrathi"]
[Result "1-0"]
[WhiteElo "2650"]
[BlackElo "2707"]
[Annotator "TA"]
[PlyCount "61"]
[EventDate "2019.05.17"]
[EventType "blitz"]
[EventCountry "CHN"]
[SourceTitle "playchess.com"]
[Source "ChessBase"]
[SourceQuality "1"]

{[%evp 23,61,21,21,0,0,-12,0,0,2,-9,0,-18,-16,-19,-29,-25,-12,-12,-12,-49,-49,-45,-42,-73,0,-107,-93,-186,27,26,27,0,610,606,599,596,594,594,597,589]} 1. e4 e5 2. Nf3 Nc6 3. Bb5 a6 4. Ba4 Nf6 5. Qe2 b5 6. Bb3 Be7 7. d4 d6 8. c3 O-O 9. O-O Bg4 10. Rd1 exd4 11. cxd4 d5 12. e5 Ne4 13. h3 {C86: Closed Ruy Lopez: Worrall Attack} Bh5 {[#]} 14. Be3 $146 ({Predecessor:} 14. Nc3 Nxc3 15. bxc3 Qd7 16. Bc2 Nd8 17. a4 Ne6 18. Be3 Bg6 19. Bxg6 hxg6 20. Rdb1 c6 {½-½ (31) Coleman,P (2633)-Kalinin,A (2567) ICCF email 2007}) 14... Qd7 15. Nbd2 {The position is equal.} Nxd2 16. Rxd2 Na5 17. Bd1 Nc4 18. Rc2 Rac8 19. b3 Nxe3 20. Qxe3 Bg6 21. Rd2 Bb4 22. Re2 c5 {Hoping for ...cxd4.} 23. dxc5 d4 (23... Bxc5 $17 24. e6 Qd6 25. exf7+ Bxf7) 24. e6 (24. Nxd4 $11 Qa7 25. Nf3) 24... fxe6 $1 $17 25. Nxd4 (25. Qxe6+ $17 Qxe6 26. Rxe6) 25... Bxc5 $2 (25... e5 $1 $19 26. Nf3 Bxc5) 26. Qxe6+ $11 {[%mdl 64] Double Attack} Rf7 27. Rc1 {Threatens to win with Rxc5!} Rc7 $2 {[%mdl 8192] [#]} (27... Qxe6 $11 28. Rxe6 Rff8) 28. Rxc5 $1 $18 {[%mdl 512] White is clearly winning.} Rxc5 {[#]} 29. Qe8+ $1 Qxe8 30. Rxe8+ Rf8 31. Rxf8+ {Accuracy: White = 39%, Black = 59%.} 1-0